01295nam a2200217 a 450000100100000000500170001000800410002704000250006808200150009311101320010824501770024024600800041726000360049730000280053370000510056171000950061295201210070795201130082895201190094199900170106000004455320250701130548.0140714s2011 dr a 000 0 spa d aDO-SdBNPbspacBNPHU axxxxbxxxx2 aVII congreso internacional interdisciplinario de investigación científican(8vo :d9-10 de jun. 2011cSanto Domingo)97256810aVII congreso internacional interdisciplinario de investigación científica /cpresentación ; Ligia Amada Melo de Cardona ; introdución Carlos Ml. Rodríguez Peña.10a8 congreso internacional interdisciplinario de investigación científica aSanto Domingo :bMESCYT,c2011. a110 p. :bil. ;c28 cm.12aRodríguez Peña, Carlos Ml.eintrod.9725611 aRepública Dominicana.bMinisterio de Educación Superior, Ciencia y Tecnología972559 001054708MOaGRbGRcCTd2014-07-14iLF1l0oxxxx xxxxpE. 3r2020-06-25te. 3w2020-06-25y4ZPréstamo en sala 0010718PDaPDbPDcCTd2014-07-14iLF1l0oxxxx xxxxp44553-10r2020-06-25w2020-06-25yLFPDZNo se presta 0010718PDaPDbPDcCTd2014-07-14iLF1l0oxxxx xxxxp44553-20r2020-06-25te. 2w2020-06-25yLFPDZNo se presta c44042d44042